¡Si supieras querer! / (Record no. 124334)

MARC details
000 -LEADER
campo de control de longitud fija 01377nam a2200361 i 4500
001 - NÚMERO DE CONTROL
campo de control 124334
003 - IDENTIFICADOR DE NÚMERO DE CONTROL
campo de control ES-MaACL
005 - FECHA Y HORA DE LA ÚLTIMA TRANSACCIÓN
campo de control 20250823063104.0
007 - CAMPO FIJO DE DESCRIPCIÓN FÍSICA--INFORMACIÓN GENERAL
campo de control de longitud fija t|
008 - DATOS DE LONGITUD FIJA--INFORMACIÓN GENERAL
campo de control de longitud fija 070530s1960 sp |||| | spa d
017 ## - NÚMERO DE COPYRIGHT O DE DEPÓSITO LEGAL
Número de copyright o de depósito legal M 8666-1960
Agencia que asigna Oficina Depósito Legal Madrid
080 ## - NÚMERO DE LA CLASIFICACIÓN DECIMAL UNIVERSAL
Número de la Clasificación Decimal Universal 159.952
080 ## - NÚMERO DE LA CLASIFICACIÓN DECIMAL UNIVERSAL
Número de la Clasificación Decimal Universal 159.923
080 ## - NÚMERO DE LA CLASIFICACIÓN DECIMAL UNIVERSAL
Número de la Clasificación Decimal Universal 159.962
100 1# - ENTRADA PRINCIPAL--NOMBRE DE PERSONA
Nombre de persona Thomas de Saint-Laurent, Raymond de,
Fechas asociadas al nombre 1879-1949
9 (RLIN) 110053
245 11 - MENCIÓN DEL TÍTULO
Título ¡Si supieras querer! /
Mención de responsabilidad, etc. Saint-Laurent ; [adaptado al español del original francés por Antonio Álvarez de Linera]
250 ## - MENCION DE EDICION
Mención de edición 3ª ed.
260 ## - PUBLICACIÓN, DISTRIBUCIÓN, ETC.
Lugar de publicación, distribución, etc. Madrid :
Nombre del editor, distribuidor, etc. Studium,
Fecha de publicación, distribución, etc. 1960
300 ## - DESCRIPCIÓN FÍSICA
Extensión 128 páginas ;
Dimensiones 18 cm
490 1# - MENCIÓN DE SERIE
Mención de serie Colección "El joven cristiano" ;
Designación de volumen o secuencia 13
RLIN 241981
490 1# - MENCIÓN DE SERIE
Mención de serie Biblioteca de cultura psíquica
RLIN 219008
534 ## - NOTA SOBRE LA VERSIÓN ORIGINAL
Encabezamiento principal del original Traducción de: Comment son attention: comment se conduire et se perfectionner par l'auto-suggestion: comment tremper son caractère
650 #7 - PUNTO DE ACCESO ADICIONAL DE MATERIA--TÉRMINO DE MATERIA
Término de materia o nombre geográfico como elemento de entrada Carácter
Fuente del encabezamiento o término embne
9 (RLIN) 10773
650 #7 - PUNTO DE ACCESO ADICIONAL DE MATERIA--TÉRMINO DE MATERIA
Término de materia o nombre geográfico como elemento de entrada Atención
Fuente del encabezamiento o término embne
9 (RLIN) 10397
650 #7 - PUNTO DE ACCESO ADICIONAL DE MATERIA--TÉRMINO DE MATERIA
Término de materia o nombre geográfico como elemento de entrada Autosugestión
Fuente del encabezamiento o término embne
9 (RLIN) 241982
700 1# - ENTRADA AGREGADA--NOMBRE PERSONAL
Nombre de persona Álvarez de Linera, Antonio,
Fechas asociadas al nombre 1888-1961
Término indicativo de función/relación Traductor
9 (RLIN) 149717
830 #0 - PUNTO DE ACCESO ADICIONAL DE SERIE-TÍTULO UNIFORME
Título uniforme Colección "El joven cristiano" ;
Designación de volumen o secuencia 13
9 (RLIN) 241981
830 #0 - PUNTO DE ACCESO ADICIONAL DE SERIE-TÍTULO UNIFORME
Título uniforme Biblioteca de cultura psíquica
9 (RLIN) 219008
852 4# - LOCALIZACIÓN
Ubicación ES-MaACL
Ubicación en estantería Sala Pecera Planta 2
Número de control de estantería F-14071
942 ## - ELEMENTOS DE ENTRADA SECUNDARIOS (KOHA)
Fuente del sistema de clasificación o colocación Clasificación decimal universal
Tipo de ítem Koha Libro impreso
Suprimir en OPAC No
Holdings
Estatus retirado Estado de pérdida Estado de daño No para préstamo Biblioteca de origen Biblioteca actual Ubicación en estantería Fecha de adquisición Fuente de adquisición Total de préstamos Signatura topográfica completa Código de barras Visto por última vez Precio de reemplazo Tipo de ítem Koha
        Biblioteca del Ateneo de Madrid Biblioteca del Ateneo de Madrid Sala Pecera Planta 2 17/01/2008     F-14071 1129534 23/02/2023 23/02/2023 Libro impreso